000 nam a22 7a 4500
999 _c15620
_d15620
008 161103b xxu||||| |||| 00| 0 eng d
020 _a0324013191
020 _a9780324013191
020 _a0324072643
020 _a9780324072648
050 _aHF 5415.1265 .K44 2000
100 _aKleindl, Brad Alan
245 _aStrategic electronic marketing :
_bmanaging e-business/
_cBrad Alan Kleindl
260 _aCincinnati, Ohio :
_bSouthWestern College Pub.,
_c©2001.
300 _axxi, 342p. :
_bill. ;
500 _aIncludes bibliography and index.
650 _a Telemarketing.
650 _a Database marketing.
650 _a E-commerce.
942 _2lcc
_cBOOKS
_hHF 5415.1265 .K44 2000